| 000 | 00368pab a2200145 454500 | ||
|---|---|---|---|
| 008 | 180718b xxu||||| |||| 00| 0 eng d | ||
| 100 | _aClay, Edward | ||
| 245 | _aFamine, food insecurity, poverty and public action | ||
| 650 | _a Public Policy | ||
| 650 | _a Poverty | ||
| 650 | _a Famine | ||
| 650 | _aFood Supply | ||
| 773 | _aDevelopment Policy Review | ||
| 909 | _a2275 | ||
| 999 |
_c2275 _d2275 |
||